Pláticas sobre felinos (Registro nro. 4096)
[ vista simple ]
| 000 -Cabecera | |
|---|---|
| Campo de control de longitud fija | 00764ntm a22003017a 4500 |
| 005 - Fecha y hora de la última transacción | |
| Campo de control | 20251024190705.0 |
| 008 - Elementos de longitud fija--Información general | |
| Campo de control de longitud fija | 150323b2011 xxu||||| |||| 00| 0 spa d |
| 020 ## - International Standard Book Number | |
| Número Internacional Estándar del Libro (ISBN) | 9789968462778 |
| 041 ## - Idioma | |
| Código de idioma | Español |
| 082 ## - Clasificación Decimal Dewey | |
| Número de clasificación | 497.9 C758p |
| 100 ## - Entrada principal--Autor personal | |
| Nombre personal | Constenla Umaña, Adolfo |
| 9 (RLIN) | 7784 |
| 100 ## - Entrada principal--Autor personal | |
| Nombre personal | Castro, Eustaquio |
| 9 (RLIN) | 8047 |
| 245 ## - Título propiamente dicho | |
| Título | Pláticas sobre felinos |
| 260 ## - Pie de imprenta | |
| Lugar de publicación, distribución, etc. | Costa Rica |
| 260 ## - Pie de imprenta | |
| Nombre del editor, distribuidor, etc. | EUCR |
| 260 ## - Pie de imprenta | |
| Fecha de publicación, distribución, etc. | 2011 |
| 300 ## - Descripción física | |
| Extensión | 193 páginas |
| 490 ## - Serie | |
| Título de la Serie | Turismo |
| 505 ## - Nota de contenido | |
| Nota de contenido | Algunos textos en lengua guatusa. |
| 505 ## - Nota de contenido | |
| Nota de contenido | Contiene disco compacto N° 204 |
| 650 ## - Materia general | |
| Temática (materia general) | GUATUSO - LENGUA INDIGENA |
| 650 ## - Materia general | |
| Temática (materia general) | TRADICION ORAL |
| 650 ## - Materia general | |
| Temática (materia general) | COMUNICACIÓN ORAL |
| 650 ## - Materia general | |
| Temática (materia general) | INDÍGENAS |
| 650 ## - Materia general | |
| Temática (materia general) | DIALECTOS |
| 942 ## - Punto de acceso adicional KOHA | |
| Tipo de ítem KOHA | Libro |
| Fuente del sistema de clasificación o colocación | Dewey Decimal Classification |
| Signatura completa | Código de barras | Programa Académico | Tipo de ítem |
|---|---|---|---|
| 497.9 C758p | 19320 | Turismo | Libro |
| 497.9 C758p | 20962 | Turismo | Libro |
| 497.9 C758p | 204ADC | Turismo | Audio |
| 497.9 C758p | 204BDC | Turismo | Audio |